Odgadnij religię na podstawie 3 słów - Statystyki

Ogólne statystyki
  • Ten quiz został rozwiązany 90 razy
  • Średni wynik to 8 z 10
Statystyki odpowiedzi
Wskazówka Odpowiedź % Poprawnych
Koran, Mekka, Meczet islam
97%
Papież, Watykan, Msza katolicyzm
96%
Synagoga, Tora, Szabat judaizm
88%
Ikony, Patriarcha, Cerkiew prawosławie
85%
Medytacja, Nirwana, Budda buddyzm
84%
Henryk VIII, Kościół Anglii, Liturgia anglikanizm
83%
Reinkarnacja, Karma, Indie hinduizm
80%
Marcin Luter, 95 tez, Sakramenty luteranizm
69%
Reformacja, Biblia, Lutra protestantyzm
49%
Turban, Guru, Pendżab sikhizm
28%
Nie znaleziono quizów pasujących do podanych kryteriów
Rozkład punktacji
Procent ludzi z każdym wynikiem
Percentyl według liczby udzielonych odpowiedzi
Twoja historia wyników
Nie rozwiązałeś tego quizu